| 000 | 01007nam a2200241Ia 4500 | ||
|---|---|---|---|
| 001 | 208 | ||
| 005 | 20251203123018.0 | ||
| 008 | 251203t1987||||xx |||||||||||||| ||spa|| | ||
| 020 | _a958320000 | ||
| 041 | _aESP | ||
| 082 |
_aRE 036 _bO28 |
||
| 110 | _aEdiciones Océano | ||
| 245 | 0 |
_aEnciclopedia Autodidactica Oceano _bVolúmenes 1-8 |
|
| 260 |
_aBarcelona _bOceano _c1987 |
||
| 300 |
_a280 páginas : _b ilustraciones ; _c 26 cm. _e |
||
| 440 |
_a _n _v |
||
| 505 | _aContenido: Volumen 1: Lengua y humanidades.- Volumen 2: Lengua y humanidades. Volumen 3: Ciencia y tecnología 1.- Volumen 4: Ciencia y tecnología 2. Volumen 5: Ciencias experimentales, naturales y aplicadas. - Volumen 6: Ciencias experimentales, naturales y aplicadas 2.- Volumen 7: Ciencias sociales y deportes. Volumen 8: Geografía, Historia, Arte y deportes 2 | ||
| 650 | _aGEN | ||
| 653 | _aEnciclopedias; Obras enciclopédicas generales | ||
| 654 | _aCTP | ||
| 700 |
_aMarti, José María _cDIR |
||
| 942 |
_cENC _dJUS _fMIP _2ddc _n |
||
| 999 |
_c208 _d208 |
||